000 00706nam a2200205 i 4500
001 bg
100 1 _aSZEWCZYK, Agnieszka
245 0 _aDiagnostyka systemów informacyjnych :
_bproblemy metodologiczne /
_cAgnieszka Szewczyk.
260 _aSzczecin :
_bWydaw. Naukowe US,
_c1991.
300 _a167, [72] s. :
_brys. ;
_c24 cm.
490 1 _aRozprawy i Studia / Uniwersytet Szczeciński,
_x0860-2751 ;
_vt. 102
504 _aBibliogr. s. 137-148.
710 _aUNIWERSYTET SZCZECIŃSKI (Szczecin)
830 0 _aRozprawy i Studia (Uniwersytet Szczeciński) ;
_vt. 102
040 _cBPK
041 _apol
080 _a002.513.5:519.7:681.324
942 _cKS
008 s pl f |000 0 pol
999 _c30036
_d30036
856 _uhttp://koha.tu.koszalin.pl/cgi-bin/koha/opac-detail.pl?biblionumber=30036
_yKatalog online BPK